Quiz - Meilleurs buteurs Premier League depuis 1992 Stats

 Plays Quiz not verified by Sporcle

Score 0/50 Timer 12:00
3 Plays Today
Buts Joueur % Correct
175Thierry Henry
94.1%
208Wayne Rooney
78.9%
104Didier Drogba
76%
164Sergio Aguëro
73.9%
84Cristiano Ronaldo
72.3%
260Alan Shearer
68.9%
177Frank Lampard
63.1%
85Eden Hazard
62.2%
144Robin van Persie
57.7%
109Ryan Giggs
57%
125Harry Kane
56.7%
125Nicolas Anelka
56.4%
113Romelu Lukaku
56.1%
120Steven Gerrard
52.6%
97Emmanuel Adebayor
49.9%
150Michael Owen
49.8%
85Fernando Torres
47.7%
87Dennis Bergkamp
47%
126Robbie Keane
46.5%
187Andy Cole
45.8%
95Ruud van Nistelrooy
45.6%
78Olivier Giroud
41%
94Dimitar Berbatov
38.7%
107Paul Scholes
37.6%
108Peter Crouch
32.8%
Buts Joueur % Correct
84Carlos Tevez
29.4%
113Ian Wright
27.9%
123Dwight Yorke
27.4%
85Louis Saha
26%
91Ole Gunnar Solskjaer
23.6%
163Robbie Fowler
23.2%
162Jermain Defoe
20.9%
146Teddy Sheringham
19.3%
80Jamie Vardy
19.2%
127Jimmy Floyd Hasselbaink
13.5%
149Les Ferdinand
13.3%
92Mark Viduka
13.1%
106Darren Bent
12.5%
110Emile Heskey
12.4%
81Craig Bellamy
8.6%
83Kevin Campbell
8.1%
92Kevin Phillips
6.5%
95Yakubu Aiyegbeni
5.8%
80Gary Speed
5.7%
111Dion Dublin
5.3%
83Chris Sutton
5%
88Kevin Davies
4.9%
100Matthew Le Tissier
4.3%
91James Beattie
4.1%
78Tony Cottee
3.9%

You're not logged in!

Compare scores with friends on all Sporcle quizzes.
OR
Log In

Show Comments

Extras

Created Aug 7, 2019ReportNominate
Tags:Premier League Quiz

Top Quizzes Today


Score Distribution

Your Account Isn't Verified!

In order to create a playlist on Sporcle, you need to verify the email address you used during registration. Go to your Sporcle Settings to finish the process.

Report this User

Report this user for behavior that violates our Community Guidelines.

Details: